000
00201 a2200097 4500
001
41225
100
_a
Paye, M
245
_a
Unpersoned
260
_a
London
_b
Champman & Hall
_c
090
_c
25444
_d
25444
942
_a
NUST-CAE
_c
M
_c
17163
999
_c
276298
_d
276298